000 00632nam a2200265Ia 4500
005 20260121170153.0
008 008 260114s9999 xx 000 0 eng d
020 _a9783319664446
037 _aEBOOK
040 _aCRL
040 _beng
040 _cCRL
041 _2eng
041 _aeng
084 _qCRL
100 _aChristopher S. Cronan
_91060649
245 0 _aEcosystem Biogeochemistry
260 _bSpringer
260 _bSpringer
260 _c2018
856 _uhttps://link.springer.com/openurl?genre=book&isbn=978-3-319-66444-6
942 _cEBOOK
999 _c1626378
_d1626378